Dynamická multikriteriálna optimalizácia a jej vplyv na body Pareto rozhrania

Saved in:
Bibliographic Details
Main Author: Kubík, Ľuboš (Author)
Other Authors: Važan, Pavel (Thesis advisor)
Format: Manuscript Book
Language:Slovak
Published: 2019
Subjects:
Online Access:http://is.stuba.sk/zp/portal_zp.pl?podrobnosti=143672
Tags: Add Tag
No Tags, Be the first to tag this record!

MARC

LEADER 00000ntm a22000003a 4500
001 stuzp71912
003 SK-STU
005 20190615211634.1
007 ta
008 150427s2015----xo-----f-mn---000-0-slo-d
040 |a STU  |b slo 
041 0 |a slo 
100 1 |a Kubík, Ľuboš  |u 066000  |4 aut  |U MTF Materiálovotechnologická fakulta  |T MTF Ústav aplikovanej informatiky, automatizácie a mechatroniky  |X 46953  |U M6000  |Y 86  |7 46953 
242 0 1 |a Dynamic multi-objective optimization and its impact on Pareto front points  |y eng 
245 1 0 |a Dynamická multikriteriálna optimalizácia a jej vplyv na body Pareto rozhrania 
260 |c 2019 
650 4 |a dynamická optimalizácia  |2 slo 
650 4 |a multikriteriálna optimalizácia  |2 slo 
650 4 |a simulácia  |2 slo 
650 4 |a Witness  |2 slo 
650 4 |a Pareto rozhranie  |2 slo 
650 4 |a simulačná optimalizácia  |2 slo 
650 4 |a dynamic optimization  |2 eng 
650 4 |a multiobjective optimization  |2 eng 
650 4 |a simulation  |2 eng 
650 4 |a Witness  |2 eng 
650 4 |a Pareto front  |2 eng 
650 4 |a simulation optimization  |2 eng 
700 1 |a Važan, Pavel  |u 066000  |k Z1  |4 ths  |U MTF Materiálovotechnologická fakulta  |T MTF Ústav aplikovanej informatiky, automatizácie a mechatroniky  |X 323  |U M6000  |Y 86  |7 A000000323 
856 4 |u http://is.stuba.sk/zp/portal_zp.pl?podrobnosti=143672 
996 |c M* DP-13870  |l MMSKP  |s P  |a 0  |w stuzp71912_0001